000 00697nam a2200217Ia 4500
001 11647
003 GE_BSU
008 181216s||||||||xx |||||||||||||| ||und||
020 _aISSN 05646162
040 _cGE_BSU
245 _aТеоретическая и математическая физика (Том 179) №3 2014
245 _cГл.ред.А.А.Логунов и др.
260 _aМосква.
260 _bНаука.
260 _c2014.июнь.
300 _a432ст,23см.
653 _aПериодика
653 _aТеоретическая и математическая физика.(Том 179) №3 2014
653 _aპერიოდიკა
942 _cCR
999 _c44833
_d44833